000 00822cam a2200265 4500
001 ABS62006
008 000000n2000 000 0 eng u
035 _a(Sirsi) u104548
100 _aSheard, M.
245 _aValuations and apportionments for taxation purposes
260 _c2000
490 _aCSM (Chartered Surveyor Monthly)
_vFebruary 2000 20(1)
520 _aDescribes how changes in methods of assessment and payment of tax will increase the importance of valuations and apportionments.
590 _aABS
650 _aValuation
_96273
650 _aSELF ASSESSMENT
650 _aINLAND REVENUE VALUATION OFFICE AGENCY
650 _aCAPITAL GAINS TAX
650 _aINHERITANCE TAX
650 _aMARKET VALUE
690 _aTAXATION
700 _aScheers, G.
700 _aRowe, R.
942 _n0
999 _c62735
_d62735